15 Największych miast hiszpańskojęzycznych - Statystyki

Ogólne statystyki
  • Ten quiz został rozwiązany 33 razy
  • Średni wynik to 10 z 15
Odpowiedzi na mapie
Odpowiedzi zakodowano w zielono-czerwonej skali na mapie do tego quizu, zgodnie z poniższymi procentami.
 
Statystyki odpowiedzi
Populacja Miasto % Poprawnych
8,8 mln Meksyk
100%
3,5 mln Madryt
97%
3 mln Buenos Aires
93%
11,1 mln Lima
93%
5,3 mln Santiago
93%
7,9 mln Bogota
87%
1,75 mln Quito
83%
2,5 mln Medellin
80%
2,1 mln Caracas
77%
2,2 mln Cali
47%
2,7 mln Santo Domingo
47%
1,8 mln Tijuana
30%
2,6 mln Guayaquil
27%
2,2 mln Maracaibo
20%
2,1 mln Ecatepec
3%
Nie znaleziono quizów pasujących do podanych kryteriów
Rozkład punktacji
Procent ludzi z każdym wynikiem
Percentyl według liczby udzielonych odpowiedzi
Twoja historia wyników
Nie rozwiązałeś tego quizu